[Event "Challenge"]
[Site "http://www.queenalice.com/game.php?id=605239"]
[Date "2009.6.17"]
[Round "-"]
[White "Chess_Divine"]
[Black "GM_EliasJr"]
[Result "0-1"]
[WhiteElo "2021"]
[BlackElo "1500"]

1. e4 c5 2. Nf3 d6 3. d4 cxd4 4. Nxd4 Nf6 5. Nc3 e5 6. Nb3 Be6 7. Bd3 Be7 8. O-O
O-O 9. Bg5 Nbd7 10. Bxf6 Nxf6 11. Nd5 Nxd5 12. exd5 Bd7 13. Qg4 Bxg4 14. c4 Qb6
15. Rfc1 Bg5 16. Rc2 Be3 17. fxe3 Qxe3+ 18. Kh1 Qxd3 19. Rf2 Qg6 20. h3 Bd7 21.
Raf1 f5 22. Nd2 e4 23. Nb1 Rae8 24. Nc3 e3 25. Rf3 e2 26. Re1 f4 27. Nxe2 Bxh3
28. gxh3 Qh5 29. Ref1 Rxe2 30. c5 Rfe8 31. cxd6 Re1 0-1

[Event "Challenge"]
[Site "http://www.queenalice.com/game.php?id=605240"]
[Date "2009.6.17"]
[Round "-"]
[White "GM_EliasJr"]
[Black "Chess_Divine"]
[Result "1-0"]
[WhiteElo "1500"]
[BlackElo "2021"]

1. d4 d5 2. c4 e6 3. Nf3 Nf6 4. Nc3 Bd6 5. Bg5 Bd7 6. e3 O-O 7. Be2 c5 8. O-O
Nc6 9. b3 dxc4 10. bxc4 cxd4 11. Nxd4 Nxd4 12. Qxd4 Bb4 13. Bxf6 Qxf6 14. Qxf6
gxf6 15. Ne4 Bc6 16. Nxf6+ Kg7 17. Rab1 Kxf6 18. Rxb4 a5 19. Rb6 Rg8 20. f3 Rg6
21. Bd3 Rg5 22. g4 Rd8 23. h4 Rc5 24. Bxh7 Rh8 25. Be4 Rxc4 26. h5 Bxe4 27.
fxe4+ Kg7 28. Rxb7 Rxe4 29. Rfxf7+ Kh6 30. Kf2 Rxg4 31. Rf6+ Kg5 32. Rxe6 Rxh5
33. Rb5+ Kh4 34. Rxh5+ Kxh5 35. Re5+ Kh4 36. Rxa5 Rc4 37. Ra7 Rc2+ 38. Kf3 Kg5
39. a4 Kf6 40. Kf4 Rf2+ 41. Ke4 Ke6 42. a5 Rh2 43. a6 Rh6 44. Rb7 Kd6 45. a7 Kc6
46. Rg7 Rh8 47. Kd4 Kb5 48. Rb7+ Ka6 49. Rb8 Rxb8 50. axb8=Q Ka5 51. e4 Ka6 52.
Kc5 Ka5 53. Qb5# 1-0

[Event "Challenge"]
[Site "http://www.queenalice.com/game.php?id=605747"]
[Date "2009.6.18"]
[Round "-"]
[White "sunking"]
[Black "GM_EliasJr"]
[Result "1-0"]
[WhiteElo "1670"]
[BlackElo "1762"]

1. d4 Nf6 2. Nf3 g6 3. e3 Bg7 4. Ng5 e6 5. g3 d5 6. Bg2 Nbd7 7. Nc3 O-O 8. e4
dxe4 9. Bxe4 h6 10. Nxf7 Rxf7 11. Bxg6 Re7 12. Ne4 1-0

[Event "Challenge"]
[Site "http://www.queenalice.com/game.php?id=605799"]
[Date "2009.6.18"]
[Round "-"]
[White "GM_EliasJr"]
[Black "Chess_Divine"]
[Result "1-0"]
[WhiteElo "1686"]
[BlackElo "2021"]

1. d4 d5 2. c4 c6 3. Nf3 Nf6 4. Bg5 e6 5. Nc3 Be7 6. Bxf6 Bxf6 7. e4 dxe4 8.
Nxe4 Nd7 9. Bd3 O-O 10. O-O Qc7 11. Rc1 a6 12. Bb1 b5 13. Qd3 bxc4 14. Rxc4 Nb6
15. Ng3 Nxc4 16. Qxh7# 1-0

[Event "AUTO-ADV-1368"]
[Site "http://www.queenalice.com/game.php?id=605838"]
[Date "2009.6.19"]
[Round "1"]
[White "subzila"]
[Black "GM_EliasJr"]
[Result "1-0"]
[WhiteElo "1666"]
[BlackElo "1518"]

1. e4 c5 2. c4 d6 3. Nf3 Nf6 4. Nc3 e5 5. Be2 Be6 6. Nd5 Nxe4 7. O-O Be7 8. d3
Nf6 9. Nxe7 Qxe7 10. Bg5 Nbd7 11. a3 O-O 12. b4 cxb4 13. axb4 d5 14. d4 1-0

[Event "AUTO-ADV-1368"]
[Site "http://www.queenalice.com/game.php?id=605839"]
[Date "2009.6.19"]
[Round "1"]
[White "GM_EliasJr"]
[Black "subzila"]
[Result "0-1"]
[WhiteElo "1531"]
[BlackElo "1655"]

1. e4 e5 2. Nf3 Nc6 3. Bb5 Bc5 4. Bxc6 dxc6 5. Nxe5 Qe7 6. d4 f6 7. dxc5 Qxe5 8.
Be3 Ne7 9. Nc3 O-O 10. O-O b6 11. Re1 Be6 12. Qf3 f5 0-1

[Event "AUTO-ADV-1368"]
[Site "http://www.queenalice.com/game.php?id=605852"]
[Date "2009.6.19"]
[Round "1"]
[White "GM_EliasJr"]
[Black "herrero"]
[Result "0-1"]
[WhiteElo "1573"]
[BlackElo "1686"]

1. e4 e5 2. Nf3 Nc6 3. Bb5 d6 4. Nc3 Bd7 5. O-O Na5 6. Bxd7+ Qxd7 7. d4 exd4 8.
Nxd4 Nf6 9. Bf4 d5 10. e5 Ne4 11. e6 fxe6 12. Qg4 Nxc3 0-1

[Event "AUTO-ADV-1368"]
[Site "http://www.queenalice.com/game.php?id=605853"]
[Date "2009.6.19"]
[Round "1"]
[White "herrero"]
[Black "GM_EliasJr"]
[Result "1-0"]
[WhiteElo "1706"]
[BlackElo "1557"]

1. e4 c5 2. Bc4 e6 3. Nf3 d6 4. d3 Nf6 5. Bf4 Qb6 6. b3 Be7 7. O-O Nbd7 8. a4 a5
9. Bb5 O-O 10. Nc3 e5 11. Bg3 1-0

[Event "AUTO-ADV-1368"]
[Site "http://www.queenalice.com/game.php?id=605854"]
[Date "2009.6.19"]
[Round "1"]
[White "GM_EliasJr"]
[Black "serrameira"]
[Result "0-1"]
[WhiteElo "1623"]
[BlackElo "1860"]

1. e4 e5 2. Nf3 Nf6 3. Nc3 Nc6 4. Bc4 Bb4 5. d3 d6 6. Bd2 Bg4 7. h3 Bh5 8. g4
Bg6 9. Qe2 Na5 10. Bd5 c6 11. Bc4 Nxc4 12. dxc4 O-O 13. O-O-O Bxc3 14. Bxc3 h6
0-1

[Event "AUTO-ADV-1368"]
[Site "http://www.queenalice.com/game.php?id=605855"]
[Date "2009.6.19"]
[Round "1"]
[White "serrameira"]
[Black "GM_EliasJr"]
[Result "1-0"]
[WhiteElo "1853"]
[BlackElo "1636"]

1. e4 c5 2. Nf3 d6 3. d4 cxd4 4. Nxd4 Nf6 5. Nc3 a6 6. Bg5 e5 7. Nf3 Be6 8. Nd5
Nbd7 9. c4 Be7 10. Nxe7 Qxe7 11. b3 O-O 12. Bd3 Nc5 13. Bxf6 Qxf6 14. Be2 Nxe4
15. O-O Qg6 16. Bd3 1-0

[Event "Challenge"]
[Site "http://www.queenalice.com/game.php?id=607433"]
[Date "2009.6.22"]
[Round "-"]
[White "GM_EliasJr"]
[Black "Kingfish"]
[Result "0-1"]
[WhiteElo "1796"]
[BlackElo "1832"]

1. e4 Nf6 2. e5 Nd5 3. d4 d6 4. c4 Nb6 5. Nf3 Bg4 6. Bf4 N8d7 7. Be2 Bxf3 8.
Bxf3 Nxc4 9. b3 dxe5 10. bxc4 exf4 11. Bxb7 Rb8 12. Bc6 e6 13. O-O Be7 14. Nc3
O-O 15. Qa4 Nf6 16. Qxa7 Rb6 17. d5 Bc5 18. Qa4 Bd4 19. Rac1 Bxc3 20. Rxc3 Qb8
21. Rb3 Rd8 22. Rd1 Rxb3 23. axb3 g6 24. h3 Qb6 25. b4 exd5 26. Bxd5 Nxd5 27.
Rxd5 Rxd5 28. Qe8+ Kg7 29. cxd5 Qxb4 30. Qe5+ Kg8 31. Qxc7 Qe1+ 32. Kh2 Qxf2 33.
Qe7 f3 34. Qg5 Qxg2+ 35. Qxg2 fxg2 36. Kxg2 Kf8 37. Kf3 Ke7 38. Ke3 Kd6 39. Kd4
h5 40. Ke4 f6 41. h4 g5 42. hxg5 fxg5 43. Kf5 h4 44. Kg4 Kxd5 45. Kf3 Ke5 46.
Kg4 Ke4 47. Kh3 Kf4 48. Kg2 g4 49. Kf2 h3 50. Kg1 Kf3 51. Kh1 Kf2 52. Kh2 g3+
53. Kh1 g2+ 54. Kh2 g1=Q+ 55. Kxh3 Qg3# 0-1

[Event "Let's Play Chess!"]
[Site "http://www.queenalice.com/game.php?id=608086"]
[Date "2009.6.24"]
[Round "-"]
[White "GM_EliasJr"]
[Black "sasquatico"]
[Result "0-1"]
[WhiteElo "1544"]
[BlackElo "1693"]

1. e4 d5 2. exd5 Qxd5 3. Nc3 Qe5+ 4. Be2 Nf6 5. Nf3 Qd6 6. d4 Nc6 7. Bc4 Bg4 8.
h3 Bxf3 9. Qxf3 Qxd4 10. Bb3 e6 11. Nb5 Qe5+ 0-1